[Event "SK Münster 4 - SG Ahaus-Wessum 1"]
[Site "Verbandsliga 2016/2017"]
[Date "2017.03.18"]
[Round "8.6"]
[White "Börger, Andreas"]
[Black "Wensing, Maximilian"]
[Result "1/2-1/2"]
[WhiteElo "1782"]
[BlackElo "1903"]
[PlyCount "101"]
[EventDate "2017.??.??"]
[SourceDate "2016.09.26"]

1. c4 Nf6 2. Nc3 d5 3. cxd5 Nxd5 4. g3 g6 5. Bg2 c6 6. Qb3 Nb6 7. Nf3 Bg7 8. d3
O-O 9. Be3 Be6 10. Qc2 Nd5 11. Bd2 Nd7 12. Ng5 Qb6 13. Na4 Qd4 14. e3 Nb4 15.
Bxb4 Qxb4+ 16. Nc3 Bf5 17. Nge4 Rfd8 18. a3 Qb6 19. O-O Nc5 20. Nxc5 Qxc5 21.
Rfd1 Rd7 22. Rac1 Rad8 23. Bf1 h5 24. b4 Qxc3 25. Qxc3 Bxc3 26. Rxc3 e5 27. Be2
Rd5 28. f3 Be6 29. e4 Rd4 30. Kf2 f6 31. Ke3 a5 32. Rb1 axb4 33. axb4 Ra8 34.
b5 Bd7 35. bxc6 Bxc6 36. f4 Ra5 37. fxe5 fxe5 38. g4 hxg4 39. Bxg4 Rd8 40. Be6+
Kg7 41. Rf1 Rf8 42. Rxf8 Kxf8 43. d4 exd4+ 44. Kxd4 Ra4+ 45. Rc4 Rxc4+ 46. Bxc4
Ke7 47. Ke5 b6 48. h4 Ba4 49. Kd5 Bd7 50. Bd3 Be8 51. Ke5 1/2-1/2

[Event "SK Münster 4 - SG Ahaus-Wessum 1"]
[Site "Verbandsliga 2016/2017"]
[Date "2017.03.18"]
[Round "8.7"]
[White "Terdues, Guido"]
[Black "Stumpe, Danny"]
[Result "1/2-1/2"]
[WhiteElo "1720"]
[BlackElo "1700"]
[PlyCount "25"]
[EventDate "2017.??.??"]
[SourceDate "2016.09.26"]

1. f4 c6 2. Nf3 d5 3. e3 Nf6 4. b3 e6 5. Bb2 Bd6 6. Be2 Nbd7 7. O-O Qc7 8. d4
c5 9. g3 O-O 10. Na3 a6 11. c4 Qa5 12. Qd2 Qd8 13. Rad1 1/2-1/2

[Event "SK Münster 4 - SG Ahaus-Wessum 1"]
[Site "Verbandsliga 2016/2017"]
[Date "2017.03.18"]
[Round "8.8"]
[White "Jensen, Sören"]
[Black "Parameswaran, Vithushan"]
[Result "1-0"]
[WhiteElo "1734"]
[BlackElo "1753"]
[PlyCount "43"]
[EventDate "2017.??.??"]
[SourceDate "2016.09.26"]

1. e4 e5 2. Nf3 Nc6 3. Bc4 Nf6 4. d4 exd4 5. O-O Nxe4 6. Re1 d5 7. Bxd5 Qxd5 8.
Nc3 Qh5 9. Nxe4 Be6 10. Bg5 h6 11. Bf6 Qf5 12. Nxd4 Nxd4 13. Qxd4 c6 14. Bxg7
Bxg7 15. Nd6+ Kf8 16. Qb4 c5 17. Qxb7 Qd5 18. Qa6 Rd8 19. Rad1 Bd4 20. Ne4 Rg8
21. c3 Bh3 22. Qxh6+ 1-0